[Event "EYCC 2024 - O16"]
[Site "?"]
[Date "2024.08.25"]
[Round "4.2"]
[White "Medhus, Vitus Bondo"]
[Black "Magold, Filip"]
[Result "1/2-1/2"]
[BlackElo "2425"]
[WhiteElo "2310"]
[LiveChessVersion "1.4.8"]

1. e4 {[%clk 1:30:55]} c5 {[%clk 1:30:36]} 2. Nf3 {[%clk 1:31:17]} d6
{[%clk 1:30:30]} 3. d4 {[%clk 1:31:41]} cxd4 {[%clk 1:30:42]} 4. Nxd4
{[%clk 1:32:05]} Nf6 {[%clk 1:31:07]} 5. Nc3 {[%clk 1:32:28]} g6 {[%clk 1:30:08]}
6. Be3 {[%clk 1:32:37]} Bg7 {[%clk 1:30:31]} 7. f3 {[%clk 1:32:02]} a6
{[%clk 1:30:54]} 8. Qd2 {[%clk 1:31:28]} h5 {[%clk 1:31:05]} 9. Be2
{[%clk 1:30:53]} Nbd7 {[%clk 1:30:03]} 10. O-O {[%clk 1:25:46]} O-O
{[%clk 1:30:17]} 11. a4 {[%clk 1:18:09]} Qc7 {[%clk 1:23:50]} 12. Kh1
{[%clk 1:06:40]} Re8 {[%clk 1:19:48]} 13. Bh6 {[%clk 0:56:18]} Bh8
{[%clk 1:06:08]} 14. f4 {[%clk 0:51:07]} e5 {[%clk 0:51:53]} 15. Nb3
{[%clk 0:47:26]} exf4 {[%clk 0:44:20]} 16. Qxf4 {[%clk 0:45:19]} Ne5
{[%clk 0:41:17]} 17. Bg5 {[%clk 0:32:52]} Nh7 {[%clk 0:39:11]} 18. Nd5
{[%clk 0:27:18]} 1/2-1/2

[Event "EYCC 2024 - O16"]
[Site "?"]
[Date "2024.08.25"]
[Round "4.3"]
[White "Vagman, Roy"]
[Black "Agasarov, Benik"]
[Result "1/2-1/2"]
[BlackElo "2387"]
[WhiteElo "2302"]
[LiveChessVersion "1.4.8"]

1. e4 {[%clk 1:30:57]} e5 {[%clk 1:29:47]} 2. Nf3 {[%clk 1:31:22]} Nc6
{[%clk 1:30:11]} 3. Bb5 {[%clk 1:31:45]} a6 {[%clk 1:30:35]} 4. Ba4
{[%clk 1:32:10]} Nf6 {[%clk 1:30:59]} 5. Nc3 {[%clk 1:32:14]} Bc5
{[%clk 1:31:23]} 6. d3 {[%clk 1:32:22]} d6 {[%clk 1:31:42]} 7. Bxc6+
{[%clk 1:31:21]} bxc6 {[%clk 1:32:06]} 8. h3 {[%clk 1:29:38]} O-O
{[%clk 1:30:30]} 9. O-O {[%clk 1:29:54]} Re8 {[%clk 1:27:30]} 10. Ne2
{[%clk 1:29:27]} h6 {[%clk 1:22:44]} 11. Ng3 {[%clk 1:29:27]} Bb6
{[%clk 1:19:11]} 12. b3 {[%clk 1:24:42]} Bd7 {[%clk 1:11:41]} 13. Bb2
{[%clk 1:20:01]} Rb8 {[%clk 0:55:21]} 14. Re1 {[%clk 1:10:37]} Nh7
{[%clk 0:47:17]} 15. d4 {[%clk 1:04:13]} exd4 {[%clk 0:45:30]} 16. Nxd4
{[%clk 1:01:56]} Qg5 {[%clk 0:38:22]} 17. Qd3 {[%clk 0:43:08]} Nf6
{[%clk 0:29:51]} 18. Kh2 {[%clk 0:29:44]} a5 {[%clk 0:18:56]} 19. Rad1
{[%clk 0:24:44]} Nh5 {[%clk 0:07:09]} 20. Nxh5 {[%clk 0:17:10]} Qxh5
{[%clk 0:06:54]} 21. f4 {[%clk 0:16:51]} Qh4 {[%clk 0:02:37]} 22. Nf3
{[%clk 0:14:29]} Qe7 {[%clk 0:02:13]} 23. e5 {[%clk 0:11:33]} Be6
{[%clk 0:00:38]} 24. Qc3 {[%clk 0:06:48]} d5 {[%clk 0:00:33]} 25. Qd3
{[%clk 0:06:06]} Qb4 {[%clk 0:00:35]} 26. Nd4 {[%clk 0:03:59]} Bxd4
{[%clk 0:00:52]} 27. Bxd4 {[%clk 0:03:56]} c5 {[%clk 0:01:20]} 28. Be3
{[%clk 0:04:06]} c4 {[%clk 0:01:38]} 29. Qd4 {[%clk 0:03:54]} cxb3
{[%clk 0:01:57]} 30. axb3 {[%clk 0:04:12]} Qxd4 {[%clk 0:02:20]} 31. Bxd4
{[%clk 0:04:34]} Bf5 {[%clk 0:02:44]} 32. Rd2 {[%clk 0:04:31]} Be4
{[%clk 0:02:52]} 33. Ra1 {[%clk 0:03:38]} Rb5 {[%clk 0:02:49]} 34. Bc3
{[%clk 0:03:47]} Ra8 {[%clk 0:03:01]} 35. Ra2 {[%clk 0:03:31]} c5
{[%clk 0:03:11]} 36. Re2 {[%clk 0:03:51]} h5 {[%clk 0:03:15]} 1/2-1/2

[Event "EYCC 2024 - O16"]
[Site "?"]
[Date "2024.08.25"]
[Round "4.4"]
[White "Perea Fruet, Lorenzo"]
[Black "Hajialiyev, Islam"]
[Result "1/2-1/2"]
[BlackElo "2173"]
[WhiteElo "2373"]
[LiveChessVersion "1.4.8"]

1. e4 {[%clk 1:30:58]} e6 {[%clk 1:30:59]} 2. d3 {[%clk 1:31:20]} d5
{[%clk 1:31:19]} 3. Qe2 {[%clk 1:31:44]} c5 {[%clk 1:31:23]} 4. Nf3
{[%clk 1:31:58]} Be7 {[%clk 1:30:05]} 5. g3 {[%clk 1:32:21]} Nf6 {[%clk 1:30:21]}
6. Bg2 {[%clk 1:32:47]} Nc6 {[%clk 1:30:42]} 7. O-O {[%clk 1:33:09]} O-O
{[%clk 1:31:03]} 8. e5 {[%clk 1:33:36]} Nd7 {[%clk 1:31:25]} 9. c4
{[%clk 1:34:02]} dxc4 {[%clk 1:25:21]} 10. dxc4 {[%clk 1:33:11]} Qc7
{[%clk 1:25:11]} 11. Bf4 {[%clk 1:31:47]} Rd8 {[%clk 1:14:27]} 12. Nc3
{[%clk 1:19:35]} Nf8 {[%clk 1:13:31]} 13. Rad1 {[%clk 1:16:17]} Bd7
{[%clk 1:04:59]} 14. h4 {[%clk 1:07:30]} Be8 {[%clk 1:00:11]} 15. h5
{[%clk 1:04:47]} Rxd1 {[%clk 0:52:59]} 16. Rxd1 {[%clk 1:04:50]} Rd8
{[%clk 0:48:37]} 17. Rxd8 {[%clk 1:01:30]} Qxd8 {[%clk 0:48:32]} 18. Ne4
{[%clk 0:53:37]} f5 {[%clk 0:40:48]} 19. exf6 {[%clk 0:53:12]} gxf6
{[%clk 0:40:25]} 20. g4 {[%clk 0:51:00]} Bf7 {[%clk 0:23:21]} 21. b3
{[%clk 0:45:10]} e5 {[%clk 0:16:26]} 22. Be3 {[%clk 0:41:43]} Ne6
{[%clk 0:16:30]} 23. Nh4 {[%clk 0:39:26]} Ned4 {[%clk 0:15:03]} 24. Qd2
{[%clk 0:37:42]} Be6 {[%clk 0:12:57]} 25. f3 {[%clk 0:34:22]} a6 {[%clk 0:12:50]}
26. Kf2 {[%clk 0:31:10]} b5 {[%clk 0:12:55]} 27. Bf1 {[%clk 0:31:21]} Qd7
{[%clk 0:11:45]} 28. Bxd4 {[%clk 0:29:30]} Nxd4 {[%clk 0:09:42]} 29. Qh6
{[%clk 0:27:57]} bxc4 {[%clk 0:07:13]} 30. Nxf6+ {[%clk 0:23:38]} Bxf6
{[%clk 0:07:23]} 31. Qxf6 {[%clk 0:24:06]} c3 {[%clk 0:05:30]} 32. Qxe5
{[%clk 0:17:54]} c2 {[%clk 0:05:13]} 33. Qg5+ {[%clk 0:18:07]} Qg7
{[%clk 0:05:01]} 34. Qd8+ {[%clk 0:16:53]} Qf8 {[%clk 0:04:57]} 35. Qg5+
{[%clk 0:17:15]} Qg7 {[%clk 0:05:23]} 36. Qd8+ {[%clk 0:17:34]} 1/2-1/2

[Event "EYCC 2024 - O16"]
[Site "?"]
[Date "2024.08.25"]
[Round "4.5"]
[White "Davudov, Tunar"]
[Black "Kvaloy, Aksel Bu"]
[Result "0-1"]
[BlackElo "2487"]
[WhiteElo "2238"]
[LiveChessVersion "1.4.8"]

1. e4 {[%clk 1:30:53]} e5 {[%clk 1:30:55]} 2. Nf3 {[%clk 1:31:12]} Nc6
{[%clk 1:31:21]} 3. Bb5 {[%clk 1:31:34]} g6 {[%clk 1:31:36]} 4. O-O
{[%clk 1:31:37]} Bg7 {[%clk 1:31:54]} 5. c3 {[%clk 1:31:10]} a6 {[%clk 1:32:15]}
6. Ba4 {[%clk 1:31:15]} Nge7 {[%clk 1:32:27]} 7. d4 {[%clk 1:31:16]} exd4
{[%clk 1:32:50]} 8. cxd4 {[%clk 1:31:11]} O-O {[%clk 1:33:06]} 9. d5
{[%clk 1:28:52]} Na5 {[%clk 1:32:43]} 10. Nbd2 {[%clk 1:22:18]} b5
{[%clk 1:31:36]} 11. Bc2 {[%clk 1:22:41]} d6 {[%clk 1:31:57]} 12. Rb1
{[%clk 1:18:21]} c6 {[%clk 1:31:49]} 13. b4 {[%clk 1:14:19]} Nc4 {[%clk 1:31:55]}
14. Nxc4 {[%clk 1:12:54]} bxc4 {[%clk 1:32:23]} 15. dxc6 {[%clk 1:12:42]} Nxc6
{[%clk 1:32:14]} 16. Qd5 {[%clk 1:06:46]} Qe8 {[%clk 1:31:48]} 17. Qxc4
{[%clk 1:02:32]} Be6 {[%clk 1:31:34]} 18. Qd3 {[%clk 0:58:27]} Bxa2
{[%clk 1:29:27]} 19. Rb2 {[%clk 0:58:39]} Bxb2 {[%clk 1:19:05]} 20. Bxb2
{[%clk 0:59:02]} Ne5 {[%clk 1:18:11]} 21. Qxd6 {[%clk 0:54:14]} Nc4
{[%clk 1:14:19]} 22. Qf6 {[%clk 0:53:16]} Nxb2 {[%clk 1:14:06]} 23. Qxb2
{[%clk 0:53:41]} Bc4 {[%clk 1:12:34]} 24. Re1 {[%clk 0:51:06]} Rb8
{[%clk 0:55:09]} 25. Ne5 {[%clk 0:33:55]} Be6 {[%clk 0:52:06]} 26. f4
{[%clk 0:33:15]} f6 {[%clk 0:41:47]} 27. Nd3 {[%clk 0:32:24]} Qb5
{[%clk 0:39:39]} 28. e5 {[%clk 0:25:43]} Bc4 {[%clk 0:34:04]} 29. Qc3
{[%clk 0:19:05]} Rbc8 {[%clk 0:14:42]} 30. Nc5 {[%clk 0:09:13]} a5
{[%clk 0:13:24]} 31. Ba4 {[%clk 0:05:47]} Qxb4 {[%clk 0:13:13]} 32. Qxb4
{[%clk 0:06:10]} axb4 {[%clk 0:13:39]} 33. Nd7 {[%clk 0:06:35]} Rf7
{[%clk 0:05:49]} 34. Nb6 {[%clk 0:05:39]} Rcc7 {[%clk 0:05:11]} 35. Nxc4
{[%clk 0:05:41]} Rxc4 {[%clk 0:05:34]} 36. Bb3 {[%clk 0:05:27]} Rxf4
{[%clk 0:05:36]} 37. exf6 {[%clk 0:05:45]} Kf8 {[%clk 0:00:48]} 38. Bxf7
{[%clk 0:06:09]} Kxf7 {[%clk 0:01:14]} 39. Re7+ {[%clk 0:06:35]} Kxf6
{[%clk 0:01:25]} 40. Rxh7 {[%clk 0:07:00]} Ke5 {[%clk 0:01:02]} 41. Rb7
{[%clk 0:07:14]} Kd5 {[%clk 0:01:04]} 42. g3 {[%clk 0:06:44]} Rd4
{[%clk 0:01:12]} 43. h4 {[%clk 0:06:19]} Kc4 {[%clk 0:01:17]} 44. Kg2
{[%clk 0:02:35]} b3 {[%clk 0:01:28]} 45. Kh3 {[%clk 0:02:36]} Kc3
{[%clk 0:01:46]} 46. g4 {[%clk 0:02:35]} b2 {[%clk 0:01:45]} 47. h5
{[%clk 0:02:10]} gxh5 {[%clk 0:01:57]} 48. gxh5 {[%clk 0:02:32]} Rb4
{[%clk 0:01:53]} 49. Rc7+ {[%clk 0:02:58]} Kb3 {[%clk 0:02:16]} 0-1

[Event "EYCC 2024 - O16"]
[Site "?"]
[Date "2024.08.25"]
[Round "4.6"]
[White "Materia, Marco"]
[Black "Pashikyan, Rudolf"]
[Result "1-0"]
[BlackElo "2186"]
[WhiteElo "2457"]
[LiveChessVersion "1.4.8"]

1. d4 {[%clk 1:30:59]} Nf6 {[%clk 1:30:51]} 2. c4 {[%clk 1:31:26]} e6
{[%clk 1:31:13]} 3. Nc3 {[%clk 1:31:53]} Bb4 {[%clk 1:30:09]} 4. e3
{[%clk 1:32:19]} O-O {[%clk 1:29:48]} 5. Bd3 {[%clk 1:32:48]} d5 {[%clk 1:29:54]}
6. a3 {[%clk 1:33:15]} Bxc3+ {[%clk 1:28:32]} 7. bxc3 {[%clk 1:33:41]} dxc4
{[%clk 1:28:26]} 8. Bxc4 {[%clk 1:34:07]} c5 {[%clk 1:28:53]} 9. Ne2
{[%clk 1:34:14]} Qc7 {[%clk 1:28:57]} 10. Bd3 {[%clk 1:34:40]} Nc6
{[%clk 1:28:41]} 11. f4 {[%clk 1:35:06]} b6 {[%clk 1:26:28]} 12. O-O
{[%clk 1:35:28]} Rd8 {[%clk 1:24:46]} 13. Ng3 {[%clk 1:32:25]} Bb7
{[%clk 1:17:05]} 14. Qe2 {[%clk 1:31:04]} Rac8 {[%clk 1:14:31]} 15. Bb2
{[%clk 1:28:58]} Qe7 {[%clk 1:05:32]} 16. Kh1 {[%clk 1:20:24]} Rc7
{[%clk 1:02:27]} 17. Rae1 {[%clk 1:14:09]} Ba8 {[%clk 0:56:08]} 18. h3
{[%clk 1:00:16]} Rcd7 {[%clk 0:48:07]} 19. Kh2 {[%clk 0:55:17]} g6
{[%clk 0:39:23]} 20. Rf2 {[%clk 0:51:42]} h5 {[%clk 0:35:06]} 21. Bb1
{[%clk 0:48:51]} Nd5 {[%clk 0:20:02]} 22. Ne4 {[%clk 0:39:44]} Nf6
{[%clk 0:11:19]} 23. Ng5 {[%clk 0:38:53]} Kg7 {[%clk 0:11:45]} 24. Qc2
{[%clk 0:31:26]} Rc7 {[%clk 0:11:08]} 25. dxc5 {[%clk 0:29:23]} b5
{[%clk 0:07:02]} 26. c4 {[%clk 0:29:00]} Na5 {[%clk 0:07:26]} 27. cxb5
{[%clk 0:28:46]} Rxc5 {[%clk 0:06:56]} 28. Nxe6+ {[%clk 0:29:07]} Qxe6
{[%clk 0:05:50]} 29. Qxc5 {[%clk 0:29:32]} Rd5 {[%clk 0:04:41]} 30. Qxa7
{[%clk 0:29:28]} Nc4 {[%clk 0:02:53]} 31. Bxf6+ {[%clk 0:29:06]} 1-0

[Event "EYCC 2024 - O16"]
[Site "?"]
[Date "2024.08.25"]
[Round "4.7"]
[White "Ljepic, Andrej"]
[Black "Habans Aguerrea, Javier"]
[Result "0-1"]
[BlackElo "2395"]
[WhiteElo "2275"]
[LiveChessVersion "1.4.8"]

1. e4 {[%clk 1:30:58]} c5 {[%clk 1:30:50]} 2. d4 {[%clk 1:31:22]} cxd4
{[%clk 1:31:12]} 3. Qxd4 {[%clk 1:31:47]} Nc6 {[%clk 1:31:11]} 4. Qe3
{[%clk 1:32:10]} g6 {[%clk 1:24:37]} 5. Nf3 {[%clk 1:32:25]} Bg7 {[%clk 1:24:14]}
6. Be2 {[%clk 1:32:40]} d6 {[%clk 1:21:52]} 7. O-O {[%clk 1:32:16]} Bg4
{[%clk 1:21:25]} 8. Nc3 {[%clk 1:24:44]} Nf6 {[%clk 1:16:29]} 9. Nd5
{[%clk 1:23:45]} O-O {[%clk 1:15:15]} 10. Rd1 {[%clk 1:21:54]} Nd7
{[%clk 1:00:32]} 11. c3 {[%clk 1:18:32]} e6 {[%clk 0:54:31]} 12. Nf4
{[%clk 1:15:17]} Qe7 {[%clk 0:52:52]} 13. h3 {[%clk 1:14:07]} Bxf3
{[%clk 0:52:46]} 14. Qxf3 {[%clk 1:13:56]} Nc5 {[%clk 0:44:44]} 15. Nd3
{[%clk 1:11:21]} Nxd3 {[%clk 0:45:07]} 16. Qxd3 {[%clk 1:10:45]} Rfd8
{[%clk 0:45:29]} 17. f4 {[%clk 1:09:27]} Rab8 {[%clk 0:38:58]} 18. Be3
{[%clk 0:59:12]} b5 {[%clk 0:38:08]} 19. b4 {[%clk 0:56:23]} d5 {[%clk 0:35:02]}
20. e5 {[%clk 0:51:23]} d4 {[%clk 0:25:50]} 21. Bf2 {[%clk 0:41:34]} Rbc8
{[%clk 0:19:31]} 22. Qxb5 {[%clk 0:34:03]} dxc3 {[%clk 0:19:23]} 23. Bc5
{[%clk 0:33:31]} Qc7 {[%clk 0:09:53]} 24. Qc4 {[%clk 0:26:46]} Rxd1+
{[%clk 0:07:34]} 25. Rxd1 {[%clk 0:25:43]} c2 {[%clk 0:02:18]} 26. Rc1
{[%clk 0:23:35]} Nxb4 {[%clk 0:02:47]} 27. Qxb4 {[%clk 0:23:07]} Qxc5+
{[%clk 0:03:15]} 28. Qxc5 {[%clk 0:23:36]} Rxc5 {[%clk 0:03:44]} 29. Kf2
{[%clk 0:24:06]} Rc3 {[%clk 0:02:36]} 30. Bf3 {[%clk 0:24:11]} Bf8
{[%clk 0:02:00]} 31. Be4 {[%clk 0:24:10]} Bc5+ {[%clk 0:02:08]} 32. Kf1
{[%clk 0:24:35]} Be3 {[%clk 0:00:47]} 33. Rxc2 {[%clk 0:25:03]} Rxc2
{[%clk 0:01:16]} 34. Bxc2 {[%clk 0:25:30]} Bxf4 {[%clk 0:01:45]} 35. Ke2
{[%clk 0:25:34]} Bxe5 {[%clk 0:02:14]} 36. Kf3 {[%clk 0:25:56]} h5
{[%clk 0:02:26]} 37. g3 {[%clk 0:25:06]} Kg7 {[%clk 0:02:43]} 38. Bb3
{[%clk 0:25:32]} Bc7 {[%clk 0:03:08]} 39. Bc2 {[%clk 0:25:18]} f5
{[%clk 0:02:38]} 40. Ba4 {[%clk 0:24:30]} Kf6 {[%clk 0:02:58]} 41. Be8
{[%clk 0:24:52]} e5 {[%clk 0:03:06]} 42. a4 {[%clk 0:24:35]} e4+ {[%clk 0:03:10]}
43. Kg2 {[%clk 0:24:57]} Kg5 {[%clk 0:01:08]} 44. Bf7 {[%clk 0:25:13]} Bd6
{[%clk 0:01:37]} 45. Be8 {[%clk 0:25:38]} Be5 {[%clk 0:02:06]} 46. Bf7
{[%clk 0:26:03]} Bb8 {[%clk 0:02:35]} 47. Be8 {[%clk 0:26:26]} a5
{[%clk 0:02:49]} 48. Bf7 {[%clk 0:26:50]} Bc7 {[%clk 0:03:19]} 49. Be8
{[%clk 0:27:14]} Bd6 {[%clk 0:03:48]} 50. Bf7 {[%clk 0:27:38]} Bb4
{[%clk 0:03:28]} 51. Kf2 {[%clk 0:27:30]} Bc5+ {[%clk 0:03:27]} 52. Kg2
{[%clk 0:27:41]} h4 {[%clk 0:03:24]} 53. gxh4+ {[%clk 0:27:59]} Kh5
{[%clk 0:03:49]} 54. Kg3 {[%clk 0:27:34]} Bd6+ {[%clk 0:04:18]} 55. Kg2
{[%clk 0:27:51]} Be7 {[%clk 0:03:42]} 56. Kg3 {[%clk 0:27:55]} Bxh4+
{[%clk 0:04:09]} 57. Kf4 {[%clk 0:28:17]} Bf6 {[%clk 0:04:32]} 58. Be8
{[%clk 0:26:35]} Bb2 {[%clk 0:04:57]} 59. Kg3 {[%clk 0:25:20]} Be5+
{[%clk 0:05:20]} 60. Kf2 {[%clk 0:25:15]} Kg5 {[%clk 0:05:38]} 61. Ke3
{[%clk 0:25:24]} Kf6 {[%clk 0:05:46]} 62. Bd7 {[%clk 0:24:25]} Bc7
{[%clk 0:05:56]} 63. Bc8 {[%clk 0:24:45]} 0-1

[Event "EYCC 2024 - O16"]
[Site "?"]
[Date "2024.08.25"]
[Round "4.8"]
[White "Bodrogi, Bendeguz"]
[Black "Dyachuk, Artem"]
[Result "1/2-1/2"]
[BlackElo "2263"]
[WhiteElo "2353"]
[LiveChessVersion "1.4.8"]

1. Nf3 {[%clk 1:30:40]} d5 {[%clk 1:30:56]} 2. g3 {[%clk 1:30:36]} Nf6
{[%clk 1:30:45]} 3. Bg2 {[%clk 1:30:55]} Bf5 {[%clk 1:31:07]} 4. O-O
{[%clk 1:31:07]} c6 {[%clk 1:31:03]} 5. c4 {[%clk 1:31:07]} dxc4 {[%clk 1:26:51]}
6. Na3 {[%clk 1:20:46]} e5 {[%clk 1:26:06]} 7. Nxc4 {[%clk 1:18:01]} e4
{[%clk 1:26:30]} 8. Nfe5 {[%clk 1:07:22]} Nbd7 {[%clk 1:15:21]} 9. d4
{[%clk 1:04:05]} Nb6 {[%clk 1:05:44]} 10. Bg5 {[%clk 0:56:05]} h6
{[%clk 0:52:38]} 11. Bxf6 {[%clk 0:53:55]} gxf6 {[%clk 0:53:00]} 12. Nxb6
{[%clk 0:53:38]} axb6 {[%clk 0:53:19]} 13. Nc4 {[%clk 0:53:49]} Be6
{[%clk 0:53:11]} 14. Rc1 {[%clk 0:31:53]} f5 {[%clk 0:52:17]} 15. a3
{[%clk 0:32:14]} Bg7 {[%clk 0:49:15]} 16. e3 {[%clk 0:32:32]} O-O
{[%clk 0:48:33]} 17. Qh5 {[%clk 0:23:25]} b5 {[%clk 0:45:32]} 18. Nd2
{[%clk 0:17:35]} Qa5 {[%clk 0:43:26]} 19. Nb1 {[%clk 0:16:10]} b4
{[%clk 0:30:59]} 20. Rc5 {[%clk 0:15:36]} Qa4 {[%clk 0:30:37]} 21. axb4
{[%clk 0:13:33]} Qxb4 {[%clk 0:29:54]} 22. Bh3 {[%clk 0:13:51]} Ra5
{[%clk 0:21:06]} 23. Bxf5 {[%clk 0:13:16]} Rxc5 {[%clk 0:21:30]} 24. dxc5
{[%clk 0:13:41]} Bxf5 {[%clk 0:21:23]} 25. Qxf5 {[%clk 0:14:08]} Bxb2
{[%clk 0:21:40]} 26. Rd1 {[%clk 0:13:23]} Bg7 {[%clk 0:21:40]} 27. Kg2
{[%clk 0:12:42]} Qb3 {[%clk 0:20:23]} 28. Qh5 {[%clk 0:10:21]} Qc2
{[%clk 0:18:32]} 29. Na3 {[%clk 0:10:40]} Qa2 {[%clk 0:18:29]} 30. Nb1
{[%clk 0:10:59]} Re8 {[%clk 0:14:32]} 31. Rd7 {[%clk 0:08:01]} Re5
{[%clk 0:13:21]} 32. Qd1 {[%clk 0:08:25]} Rd5 {[%clk 0:11:59]} 33. Rxd5
{[%clk 0:07:36]} cxd5 {[%clk 0:12:16]} 34. Nd2 {[%clk 0:07:38]} Qa6
{[%clk 0:09:38]} 35. Nb3 {[%clk 0:03:31]} Qc4 {[%clk 0:09:34]} 36. Na5
{[%clk 0:03:30]} Qb5 {[%clk 0:09:33]} 37. Nb3 {[%clk 0:03:47]} Qd7
{[%clk 0:05:07]} 38. Nd4 {[%clk 0:02:57]} Qc8 {[%clk 0:03:43]} 39. Qa4
{[%clk 0:02:45]} Bxd4 {[%clk 0:03:18]} 1/2-1/2

[Event "EYCC 2024 - O16"]
[Site "?"]
[Date "2024.08.25"]
[Round "4.9"]
[White "Oruzinsky, Juraj"]
[Black "Erten, Kerem"]
[Result "0-1"]
[BlackElo "2331"]
[WhiteElo "2166"]
[LiveChessVersion "1.4.8"]

1. e4 {[%clk 1:30:55]} e6 {[%clk 1:30:42]} 2. d4 {[%clk 1:31:19]} d5
{[%clk 1:30:56]} 3. Nc3 {[%clk 1:31:38]} Bb4 {[%clk 1:30:54]} 4. Qd3
{[%clk 1:31:39]} dxe4 {[%clk 1:28:22]} 5. Qxe4 {[%clk 1:32:03]} Nf6
{[%clk 1:27:22]} 6. Qh4 {[%clk 1:32:27]} b6 {[%clk 1:22:07]} 7. Bd3
{[%clk 1:09:03]} Bb7 {[%clk 1:17:26]} 8. Nge2 {[%clk 1:08:24]} Nbd7
{[%clk 1:13:04]} 9. O-O {[%clk 1:05:21]} Be7 {[%clk 1:08:44]} 10. Bg5
{[%clk 0:58:03]} h6 {[%clk 1:03:41]} 11. Ng3 {[%clk 0:50:19]} Rg8
{[%clk 0:53:02]} 12. Be3 {[%clk 0:39:20]} Nd5 {[%clk 0:48:19]} 13. Qh3
{[%clk 0:37:16]} Nb4 {[%clk 0:46:36]} 14. Bh7 {[%clk 0:23:35]} Rh8
{[%clk 0:45:04]} 15. Be4 {[%clk 0:23:58]} Bxe4 {[%clk 0:39:07]} 16. Ngxe4
{[%clk 0:24:13]} Nf6 {[%clk 0:30:59]} 17. Nxf6+ {[%clk 0:16:48]} Bxf6
{[%clk 0:29:06]} 18. Rac1 {[%clk 0:15:47]} Qd7 {[%clk 0:26:01]} 19. a3
{[%clk 0:14:26]} Nc6 {[%clk 0:22:57]} 20. Rfd1 O-O-O {[%clk 0:18:35]} 21. Qf3
{[%clk 0:10:04]} Qe8 {[%clk 0:16:52]} 22. Nb5 {[%clk 0:07:13]} a6
{[%clk 0:14:55]} 23. Nc3 {[%clk 0:04:04]} Kb8 {[%clk 0:14:22]} 24. Ne2
{[%clk 0:03:36]} Ne7 {[%clk 0:13:45]} 25. c4 {[%clk 0:03:06]} Qc6
{[%clk 0:10:48]} 26. Qxc6 {[%clk 0:01:54]} Nxc6 {[%clk 0:11:10]} 27. b4
{[%clk 0:01:53]} Rd7 {[%clk 0:10:53]} 28. d5 {[%clk 0:01:05]} Rhd8
{[%clk 0:10:25]} 29. c5 {[%clk 0:00:39]} b5 {[%clk 0:07:52]} 30. d6
{[%clk 0:00:44]} cxd6 {[%clk 0:08:04]} 31. cxd6 {[%clk 0:00:42]} Rxd6
{[%clk 0:08:22]} 32. Rxd6 {[%clk 0:01:01]} Rxd6 {[%clk 0:08:48]} 33. Bf4
{[%clk 0:00:57]} e5 {[%clk 0:09:01]} 34. Be3 {[%clk 0:01:16]} Kb7
{[%clk 0:08:32]} 35. Nc3 {[%clk 0:01:30]} Be7 {[%clk 0:07:31]} 36. Bc5
{[%clk 0:01:15]} Bg5 {[%clk 0:06:26]} 37. Be3 {[%clk 0:00:37]} Bxe3
{[%clk 0:04:35]} 38. fxe3 {[%clk 0:01:04]} f5 {[%clk 0:04:12]} 39. a4
{[%clk 0:00:41]} bxa4 {[%clk 0:04:08]} 40. Nxa4 {[%clk 0:01:06]} Nxb4
{[%clk 0:04:13]} 41. e4 {[%clk 0:01:17]} f4 {[%clk 0:03:56]} 42. Rb1
{[%clk 0:01:13]} a5 {[%clk 0:04:02]} 43. g3 {[%clk 0:01:02]} fxg3
{[%clk 0:03:30]} 44. hxg3 {[%clk 0:01:29]} Ka6 {[%clk 0:02:55]} 45. Rc1
{[%clk 0:01:10]} Rc6 {[%clk 0:03:05]} 46. Rd1 {[%clk 0:00:45]} Rc2
{[%clk 0:02:53]} 47. Ra1 {[%clk 0:00:35]} Ra2 {[%clk 0:02:12]} 48. Nc5+
{[%clk 0:00:38]} Kb5 {[%clk 0:02:28]} 49. Rxa2 {[%clk 0:00:51]} Nxa2
{[%clk 0:02:54]} 50. Nd3 {[%clk 0:01:07]} Nc3 {[%clk 0:03:05]} 51. Nxe5
{[%clk 0:01:26]} Nxe4 {[%clk 0:03:21]} 52. Kg2 {[%clk 0:01:50]} a4
{[%clk 0:03:29]} 53. Nd3 {[%clk 0:01:34]} a3 {[%clk 0:02:36]} 54. Nc1
{[%clk 0:01:37]} Kc4 {[%clk 0:02:44]} 55. g4 {[%clk 0:01:17]} Nc5
{[%clk 0:02:57]} 56. Kf3 {[%clk 0:01:15]} Nd3 {[%clk 0:03:08]} 0-1

[Event "EYCC 2024 - O16"]
[Site "?"]
[Date "2024.08.25"]
[Round "4.10"]
[White "Szakmary, Domonkos"]
[Black "Smeets, Kobe"]
[Result "0-1"]
[BlackElo "2322"]
[WhiteElo "2139"]
[LiveChessVersion "1.4.8"]

1. e4 {[%clk 1:28:51]} e5 {[%clk 1:30:55]} 2. Nf3 {[%clk 1:29:15]} Nc6
{[%clk 1:31:21]} 3. d4 {[%clk 1:29:40]} exd4 {[%clk 1:31:44]} 4. Nxd4
{[%clk 1:30:06]} Nf6 {[%clk 1:32:03]} 5. Nxc6 {[%clk 1:30:31]} bxc6
{[%clk 1:32:24]} 6. e5 {[%clk 1:30:50]} Qe7 {[%clk 1:32:49]} 7. Qe2
{[%clk 1:31:15]} Nd5 {[%clk 1:33:10]} 8. h4 {[%clk 1:31:06]} Qe6 {[%clk 1:33:37]}
9. g3 {[%clk 1:30:13]} d6 {[%clk 1:32:27]} 10. c4 {[%clk 1:22:57]} Nb6
{[%clk 1:31:29]} 11. exd6 {[%clk 1:16:27]} Bxd6 {[%clk 1:31:39]} 12. Bg2
{[%clk 1:12:02]} Qxe2+ {[%clk 1:26:11]} 13. Kxe2 {[%clk 1:12:26]} Bg4+
{[%clk 1:26:27]} 14. Kf1 {[%clk 1:08:01]} O-O-O {[%clk 1:19:55]} 15. Bxc6
{[%clk 0:57:13]} Nxc4 {[%clk 1:20:01]} 16. Nc3 {[%clk 0:46:53]} Be5
{[%clk 1:14:32]} 17. f3 {[%clk 0:40:24]} Be6 {[%clk 1:13:21]} 18. Kg2
{[%clk 0:39:17]} Nxb2 {[%clk 1:07:18]} 19. Nb5 {[%clk 0:37:41]} a6
{[%clk 0:46:41]} 20. Re1 {[%clk 0:29:37]} Bf6 {[%clk 0:46:58]} 21. Na7+
{[%clk 0:21:20]} Kb8 {[%clk 0:47:27]} 22. Be3 {[%clk 0:20:43]} Bd4
{[%clk 0:46:06]} 23. Rab1 {[%clk 0:10:59]} Bxe3 {[%clk 0:46:10]} 24. Rxb2+
{[%clk 0:11:24]} Bb6 {[%clk 0:46:37]} 25. a4 {[%clk 0:11:49]} Kxa7
{[%clk 0:46:44]} 26. a5 {[%clk 0:12:11]} Rd6 {[%clk 0:45:11]} 27. axb6+
{[%clk 0:12:24]} cxb6 {[%clk 0:45:39]} 28. Be4 {[%clk 0:12:37]} h6
{[%clk 0:45:56]} 29. g4 {[%clk 0:11:15]} b5 {[%clk 0:45:01]} 30. Kg3
{[%clk 0:10:41]} Rhd8 {[%clk 0:44:57]} 0-1

[Event "EYCC 2024 - O16"]
[Site "?"]
[Date "2024.08.25"]
[Round "4.11"]
[White "Perossa, Nicolas"]
[Black "Toktomushev, Teimur"]
[Result "1-0"]
[BlackElo "2279"]
[WhiteElo "2187"]
[LiveChessVersion "1.4.8"]

1. e4 {[%clk 1:30:59]} c5 {[%clk 1:30:50]} 2. Nf3 {[%clk 1:31:19]} e6
{[%clk 1:30:50]} 3. d4 {[%clk 1:31:19]} cxd4 {[%clk 1:30:50]} 4. Nxd4
{[%clk 1:31:19]} a6 {[%clk 1:30:50]} 5. c4 {[%clk 1:31:19]} Nf6 {[%clk 1:30:50]}
6. Nc3 {[%clk 1:31:19]} Qc7 {[%clk 1:29:37]} 7. a3 {[%clk 1:33:04]} b6
{[%clk 1:29:56]} 8. Be3 {[%clk 1:33:27]} Bb7 {[%clk 1:30:08]} 9. f3
{[%clk 1:33:50]} Be7 {[%clk 1:30:19]} 10. Rc1 {[%clk 1:31:22]} O-O
{[%clk 1:30:26]} 11. Qd2 {[%clk 1:30:12]} d6 {[%clk 1:29:51]} 12. Be2
{[%clk 1:30:35]} Nbd7 {[%clk 1:30:03]} 13. g4 {[%clk 1:29:36]} Nc5
{[%clk 0:53:05]} 14. b4 {[%clk 0:46:46]} Ncd7 {[%clk 0:45:50]} 15. g5
{[%clk 0:44:54]} Nh5 {[%clk 0:39:30]} 16. f4 {[%clk 0:34:33]} g6 {[%clk 0:39:39]}
17. O-O {[%clk 0:14:33]} e5 {[%clk 0:19:35]} 18. Nf5 {[%clk 0:10:06]} gxf5
{[%clk 0:19:22]} 19. Bxh5 {[%clk 0:09:28]} exf4 {[%clk 0:18:24]} 20. Bxf4
{[%clk 0:09:14]} Bxe4 {[%clk 0:12:50]} 21. Nxe4 {[%clk 0:06:44]} fxe4
{[%clk 0:13:12]} 22. Qd5 {[%clk 0:07:13]} Kh8 {[%clk 0:00:36]} 23. c5
{[%clk 0:00:52]} bxc5 {[%clk 0:00:49]} 24. bxc5 {[%clk 0:01:00]} Qa7
{[%clk 0:00:31]} 25. Bxf7 {[%clk 0:00:40]} Rxf7 {[%clk 0:00:34]} 26. Qxf7
{[%clk 0:01:01]} Nxc5 {[%clk 0:00:50]} 27. Be3 {[%clk 0:01:20]} 1-0